[Event "zonal 1.5"]
[Site "Yerevan ARM"]
[Date "2000.06.12"]
[Round "6"]
[White "Dervishi, Erald"]
[Black "Aronian, Levon"]
[Result "1-0"]
[WhiteElo "2478"]
[BlackElo "2587"]
[EventDate "2000.06.07"]
[PlyCount "175"]

1.e4 e5 2.Nf3 Nc6 3.Bb5 a6 4.Ba4 Nf6 5.O-O Be7 6.Re1 d6 7.c3 Bg4 8.d3 O-O 
9.h3 Bd7 10.Nbd2 Re8 11.Nf1 Bf8 12.Ng3 g6 13.d4 Bg7 14.Bc2 a5 15.Bg5 h6 
16.Be3 Qe7 17.Qd2 Qf8 18.Rad1 Rad8 19.Qc1 Bc8 20.a3 Nd7 21.Nh2 Nb6 22.d5 
Ne7 23.Bxb6 cxb6 24.Qe3 f5 25.Qxb6 f4 26.Ngf1 Qf6 27.Qxa5 h5 28.Rd3 Kh8 
29.Bd1 Rg8 30.c4 Nf5 31.exf5 gxf5 32.f3 e4 33.fxe4 fxe4 34.Rxe4 Qg6 35.Bf3
Bf5 36.Qe1 Rde8 37.Nd2 Rxe4 38.Nxe4 Re8 39.Qf2 Bxe4 40.Bxe4 Rxe4 41.b3 Qe8
42.Rd1 Bf6 43.Nf3 Re3 44.Qc2 Re2 45.Qd3 Ra2 46.Re1 Qg8 47.Re2 Ra1+ 48.Re1 
Ra2 49.Re2 Ra1+ 50.Ne1 Qg5 51.Kf1 Rc1 52.Rc2 Ra1 53.Re2 Rc1 54.b4 f3 55.
Qxf3 Rxc4 56.Rf2 Kg7 57.Qf5 Rc1 58.Qd7+ Kh8 59.Qe8+ Kg7 60.Qd7+ Kg6 61.
Qe8+ Kg7 62.Qe6 Qg6 63.Rf3 b5 64.Qe3 Bg5 65.Qd4+ Kg8 66.Rg3 Kh7 67.Qd3 h4 
68.Rf3 Qxd3+ 69.Rxd3 Bf4 70.Ke2 Bg3 71.Nf3 Kg6 72.Nd4 Rg1 73.Kf3 Rf1+ 74.
Ke3 Rg1 75.Rd2 Kf6 76.Re2 Ra1 77.Nxb5 Ke5 78.Kd3+ Kxd5 79.Nc3+ Kc6 80.Ra2 
Re1 81.a4 d5 82.a5 Re8 83.a6 Bc7 84.a7 Ra8 85.b5+ Kc5 86.Ra6 Bb6 87.Na4+ 
Kxb5 88.Nxb6 1-0

[Event "zonal 1.5"]
[Site "Yerevan ARM"]
[Date "2000.06.12"]
[Round "6"]
[White "Antic, Dejan"]
[Black "Bagaturov, Giorgi"]
[Result "0-1"]
[WhiteElo "2491"]
[BlackElo "2501"]
[EventDate "2000.06.07"]
[PlyCount "78"]

1.d4 Nf6 2.c4 e6 3.Nf3 b6 4.g3 Ba6 5.b3 Bb4+ 6.Bd2 Be7 7.Bg2 Bb7 8.Nc3 d5 
9.cxd5 exd5 10.O-O O-O 11.Bf4 Na6 12.Qc2 Qd7 13.Rad1 h6 14.Ne5 Qe6 15.Nd3 
Ne4 16.Bc1 Qd6 17.Bb2 Nf6 18.a3 c6 19.b4 Nc7 20.a4 Ne6 21.e3 Rad8 22.Qb3 
h5 23.h3 Qb8 24.Ba3 Bd6 25.f4 a6 26.a5 b5 27.Bb2 Be7 28.Ne5 Qd6 29.Ba3 
Rfe8 30.e4 Qb8 31.Kh1 Qa7 32.exd5 cxd5 33.Ne2 Rc8 34.g4 hxg4 35.hxg4 Bd6 
36.g5 Bxe5 37.dxe5 Ng4 38.g6 fxg6 39.Qg3 Ne3 0-1

[Event "zonal 1.5"]
[Site "Yerevan ARM"]
[Date "2000.06.12"]
[Round "6"]
[White "Tosic, Miroslav"]
[Black "Nalbandian, Tigran"]
[Result "0-1"]
[WhiteElo "2503"]
[BlackElo "2448"]
[EventDate "2000.06.07"]
[PlyCount "132"]

1.d4 Nf6 2.c4 g6 3.Nc3 Bg7 4.g3 O-O 5.Bg2 d6 6.e3 Nc6 7.Nge2 e5 8.d5 Ne7 
9.e4 c5 10.dxc6 bxc6 11.O-O Be6 12.b3 c5 13.f4 exf4 14.Bxf4 Ne8 15.Qd2 Nc6
16.h3 a5 17.Rad1 Ne5 18.Bg5 Qd7 19.Nd5 Bxh3 20.Nb6 Qc6 21.Nxa8 Bxg2 22.
Kxg2 Qxe4+ 23.Kg1 Qxa8 24.Qd5 Qa7 25.Nc3 Qd7 26.Kg2 Nc6 27.Ne4 Nb4 28.Qa8 
Nf6 29.Nxf6+ Bxf6 30.Qxf8+ Kxf8 31.Bxf6 Nc2 32.Rf3 Qe6 33.Kf2 Ne3 34.Rxe3 
Qxf6+ 35.Ke2 h5 36.Rd2 h4 37.gxh4 Qxh4 38.Red3 Ke7 39.Kd1 Qf4 40.Re2+ Kd7 
41.Kc2 Qf5 42.Rd2 g5 43.Kb2 Qe5+ 44.Ka3 g4 45.Ka4 Kc6 46.Rd5 Qe6 47.a3 f5 
48.Rf2 Qe8 49.b4 axb4 50.axb4 Kc7+ 51.b5 Qe1 52.b6+ Kb7 53.Rdd2 Qa1+ 54.
Kb3 Qb1+ 55.Rb2 Qd3+ 56.Ka2 Qxc4+ 57.Ka1 Qa4+ 58.Kb1 f4 59.Rfe2 Qd1+ 60.
Ka2 Qa4+ 61.Kb1 Qd7 62.Kc1 f3 63.Re3 Qh7 64.Ra3 Qh1+ 65.Kd2 Qh2+ 66.Kc3 
Qxb2+ 0-1

[Event "zonal 1.5"]
[Site "Yerevan ARM"]
[Date "2000.06.12"]
[Round "6"]
[White "Gurcan, Selim"]
[Black "Sturua, Zurab"]
[Result "1/2-1/2"]
[WhiteElo "2307"]
[BlackElo "2595"]
[EventDate "2000.06.07"]
[PlyCount "88"]

1.e4 g6 2.d4 Bg7 3.Nc3 d6 4.Bg5 c6 5.Qd2 Nd7 6.f4 b5 7.Nf3 Nb6 8.h3 Nf6 9.
Bd3 O-O 10.O-O Qc7 11.f5 b4 12.Ne2 c5 13.c3 d5 14.e5 Ne4 15.Bxe4 Nc4 16.
Qc2 dxe4 17.f6 exf6 18.exf6 exf3 19.fxg7 Re8 20.Rxf3 Bf5 21.Rxf5 gxf5 22.
Nf4 Qc6 23.d5 Qb6 24.Nh5 Qg6 25.Nf6+ Kxg7 26.Nxe8+ Rxe8 27.Bf4 Re4 28.Rf1 
bxc3 29.b3 Ne3 30.Qxc3+ Qf6 31.Qxf6+ Kxf6 32.Bxe3 Rxe3 33.Rd1 Re8 34.Kf2 
Rd8 35.Kf3 Ke5 36.Re1+ Kf6 37.Rd1 Ke5 38.Rc1 Rxd5 39.Ke2 f4 40.Rc4 a6 41.
Ra4 Rd6 42.Kf3 Rd3+ 43.Ke2 Rd6 44.Rc4 Rd5 1/2-1/2

[Event "zonal 1.5"]
[Site "Yerevan ARM"]
[Date "2000.06.12"]
[Round "6"]
[White "Jobava, Baadur"]
[Black "Seitaj, Ilir"]
[Result "1-0"]
[WhiteElo "2430"]
[BlackElo "2392"]
[EventDate "2000.06.07"]
[PlyCount "92"]

1.d4 d5 2.c4 e6 3.Nc3 c5 4.cxd5 exd5 5.Nf3 Nc6 6.g3 Nf6 7.Bg2 Be7 8.O-O 
O-O 9.Bg5 cxd4 10.Nxd4 h6 11.Bf4 Be6 12.Rc1 Rc8 13.Nxe6 fxe6 14.Bh3 Qd7 
15.e4 d4 16.e5 Ne8 17.Qg4 Rf5 18.Qg6 Nxe5 19.Bxe5 Rxe5 20.Rce1 Rxe1 21.
Rxe1 Rc6 22.Nb5 Nf6 23.Nxa7 Rb6 24.Qd3 Kf7 25.Re2 Qd5 26.b3 Nd7 27.Bg2 Ne5
28.Bxd5 Nxd3 29.Nc8 Ra6 30.Bc4 Nc1 31.Bxa6 bxa6 32.Rc2 Ba3 33.Nd6+ Kf6 34.
Nc4 d3 35.Rd2 Bb4 36.Rd1 Nxa2 37.Rxd3 e5 38.Rf3+ Ke6 39.Re3 Bc3 40.Nxe5 
Bd4 41.Re2 Nc1 42.Re1 Nxb3 43.Nc6+ Kd5 44.Nxd4 Kxd4 45.Re7 a5 46.Rxg7 a4 
1-0

[Event "zonal 1.5"]
[Site "Yerevan ARM"]
[Date "2000.06.12"]
[Round "6"]
[White "Karkanaque, Ilir"]
[Black "Erdogan, Hakan"]
[Result "1/2-1/2"]
[WhiteElo "2389"]
[BlackElo "2316"]
[EventDate "2000.06.07"]
[PlyCount "135"]

1.d4 Nf6 2.c4 e6 3.Nf3 c5 4.Nc3 d5 5.cxd5 Nxd5 6.g3 Nc6 7.Bg2 Be7 8.O-O 
O-O 9.Nxd5 exd5 10.dxc5 Bxc5 11.Qc2 Be7 12.Rd1 Be6 13.Be3 Rc8 14.Qd2 b6 
15.Nd4 Na5 16.b3 Qd7 17.Nc2 Rfd8 18.Bd4 Nb7 19.Ne3 Nc5 20.Bxc5 Rxc5 21.b4 
Rb5 22.Nc2 Bf5 23.a3 Bxc2 24.Qxc2 a5 25.a4 Rxb4 26.Rxd5 Qc8 27.Rxd8+ Qxd8 
28.e3 Qe8 29.Bf1 Bc5 30.Bc4 g6 31.Qd3 Qe5 32.Ra2 Kg7 33.Kg2 g5 34.h3 h5 
35.Qd5 Qxd5+ 36.Bxd5 b5 37.axb5 Rxb5 38.Bc6 Rb6 39.Bf3 Ra6 40.Be2 Ra7 41.
Bxh5 a4 42.Bf3 a3 43.Bd5 Be7 44.Rc2 Ra5 45.Ba2 Rc5 46.Rd2 Rb5 47.Rd7 Kf8 
48.Ra7 Rb2 49.Ra8+ Kg7 50.Bc4 Rc2 51.Ra4 Rb2 52.Ra7 Kf8 53.Kf3 Rc2 54.Ra8+
Kg7 55.Ra4 Rb2 56.Ra7 Kf8 57.h4 gxh4 58.gxh4 Bxh4 59.Rxf7+ Ke8 60.Ra7 
Rxf2+ 61.Ke4 Be7 62.Ke5 Bc5 63.Ra5 Bxe3 64.Rxa3 Bc1 65.Ra8+ Ke7 66.Ra7+ 
Kd8 67.Kd6 Bf4+ 68.Ke6 1/2-1/2

[Event "zonal 1.5"]
[Site "Yerevan ARM"]
[Date "2000.06.12"]
[Round "6"]
[White "Sendur, Adnan"]
[Black "Atakisi, Umut"]
[Result "0-1"]
[WhiteElo "2335"]
[BlackElo "2274"]
[EventDate "2000.06.07"]
[PlyCount "96"]

1.e4 c5 2.Nf3 Nc6 3.Bb5 d6 4.O-O Bd7 5.c3 Nf6 6.Re1 a6 7.Ba4 c4 8.d4 cxd3 
9.Qxd3 g6 10.Bg5 Bg7 11.Nbd2 O-O 12.Qe2 b5 13.Bb3 a5 14.Rac1 a4 15.Bd5 e6 
16.Bxc6 Bxc6 17.Nd4 Qb6 18.Qf3 Nd7 19.Qe3 Bb7 20.Bh6 e5 21.Bxg7 Kxg7 22.
Nc2 Qxe3 23.Rxe3 f5 24.Nb4 Nc5 25.f3 Rac8 26.Rd1 Rf6 27.exf5 gxf5 28.Nf1 
f4 29.Re2 a3 30.b3 e4 31.fxe4 Nxe4 32.Rd4 d5 33.Nd2 Rxc3 34.Re1 Re3 35.Kf1
Nxd2+ 36.Rxd2 d4 37.Rxd4 Bxg2+ 38.Kf2 Rxe1 39.Kxe1 Kg6 40.Nc2 Kg5 41.Rb4 
Bc6 42.Rd4 Rh6 43.Rd2 f3 44.Nxa3 Kf4 45.Rf2 Rg6 46.Nc2 Be4 47.Nd4 Ke3 48.
Ne2 fxe2 0-1

[Event "zonal 1.5"]
[Site "Yerevan ARM"]
[Date "2000.06.13"]
[Round "7"]
[White "Nikolaidis, Ioannis"]
[Black "Yegiazarian, Arsen"]
[Result "1/2-1/2"]
[WhiteElo "2530"]
[BlackElo "2513"]
[EventDate "2000.06.07"]
[PlyCount "119"]

1.Nf3 c5 2.c4 Nc6 3.g3 g6 4.Bg2 Bg7 5.Nc3 Nh6 6.d4 cxd4 7.Nxd4 Nxd4 8.Bxh6
Bxh6 9.Qxd4 O-O 10.O-O Bg7 11.Qe3 d6 12.Rfd1 Bxc3 13.Qxc3 Qc7 14.Rac1 Be6 
15.h4 Rac8 16.h5 Qxc4 17.Qxc4 Rxc4 18.Rxc4 Bxc4 19.b3 Ba6 20.Rc1 Rb8 21.
hxg6 hxg6 22.e3 Kf8 23.a4 Be2 24.Rc7 a5 25.Bxb7 Bd1 26.Bd5 e6 27.Bc4 Rb4 
28.Ra7 d5 29.Bb5 Rxb3 30.Kg2 g5 31.g4 Rb4 32.Rxa5 Rxg4+ 33.Kf1 Rb4 34.Ra8+
Kg7 35.Ra7 Bf3 36.Ke1 Rb1+ 37.Kd2 Rb2+ 38.Ke1 g4 39.Be8 Kf6 40.Rxf7+ Ke5 
41.Bb5 Ra2 42.Rc7 Ke4 43.Rc3 Bg2 44.Bd3+ Kf3 45.Bc2 Ra1+ 46.Bd1+ Ke4 47.
Kd2 Bf3 48.Rc1 Ra3 49.Bc2+ Ke5 50.Rb1 Ra2 51.Kc3 Rxc2+ 52.Kxc2 Be4+ 53.Kc1
Bxb1 54.Kxb1 Kd6 55.Kc2 e5 56.e4 d4 57.Kb2 Kc6 58.Kc2 Kb6 59.Kb2 Ka5 60.
Kb3 1/2-1/2

[Event "zonal 1.5"]
[Site "Yerevan ARM"]
[Date "2000.06.13"]
[Round "7"]
[White "Anastasian, Ashot"]
[Black "Jobava, Baadur"]
[Result "0-1"]
[WhiteElo "2606"]
[BlackElo "2430"]
[EventDate "2000.06.07"]
[PlyCount "94"]

1.Nf3 Nf6 2.c4 g6 3.g3 Bg7 4.Bg2 O-O 5.O-O c5 6.Nc3 Nc6 7.d4 d6 8.d5 Na5 
9.Nd2 Rb8 10.Qc2 e6 11.b3 exd5 12.cxd5 b5 13.Bb2 b4 14.Nce4 Bf5 15.Bxf6 
Bxf6 16.Nxf6+ Qxf6 17.e4 Bd7 18.Rfe1 Rfe8 19.f4 Qd4+ 20.Kh1 Bb5 21.Nf3 Qd3
22.Qxd3 Bxd3 23.e5 Bf5 24.h3 h5 25.Nd2 Kf8 26.Re3 Re7 27.Rc1 Rd8 28.Kg1 
Rde8 29.Nf3 Nb7 30.Kf2 a5 31.Bf1 Ra8 32.Bb5 Bxh3 33.Bc6 Rc8 34.Ng5 Bf5 35.
Nh7+ Kg7 36.Nf6 Rh8 37.Kg2 Bc8 38.Ne4 h4 39.Rd1 dxe5 40.Nd2 hxg3 41.Nf3 e4
42.Ne5 Nd6 43.Rxg3 Ba6 44.Rc1 Nf5 45.Rg5 Nh4+ 46.Kf2 f6 47.d6 Re6 0-1

[Event "zonal 1.5"]
[Site "Yerevan ARM"]
[Date "2000.06.13"]
[Round "7"]
[White "Nalbandian, Tigran"]
[Black "Banikas, Hristos"]
[Result "1/2-1/2"]
[WhiteElo "2448"]
[BlackElo "2535"]
[EventDate "2000.06.07"]
[PlyCount "96"]

1.Nf3 Nf6 2.g3 g6 3.b3 Bg7 4.Bb2 d6 5.d4 c5 6.c4 Ne4 7.Bg2 Qa5+ 8.Nfd2 
Nxd2 9.Bc3 Qb6 10.dxc5 Nxb1 11.Bxg7 Qb4+ 12.Kf1 Nd2+ 13.Kg1 Rg8 14.Bd4 Bf5
15.a3 Qxb3 16.Qxd2 dxc5 17.Bxc5 Na6 18.Be3 Rd8 19.Qe1 b6 20.h3 f6 21.Bb7 
Bc8 22.Bd5 e6 23.Bf3 Rg7 24.Rb1 Qxa3 25.Kh2 Rc7 26.Bc1 Qe7 27.Qc3 Kf7 28.
Qe3 Qc5 29.Qh6 Kg8 30.Be3 Qf8 31.Qh4 Bb7 32.Bxb7 Rxb7 33.Rb5 Rc7 34.Ra1 
Nb8 35.c5 bxc5 36.Qc4 Qf7 37.Rxc5 Rdc8 38.Rxa7 Rxc5 39.Bxc5 Qe8 40.Qd4 Nc6
41.Qxf6 Nxa7 42.Bd4 e5 43.Bxe5 Qf8 44.Qh8+ Kf7 45.Qf6+ Ke8 46.Qe6+ Qe7 47.
Qg8+ Qf8 48.Qe6+ Qe7 1/2-1/2

[Event "zonal 1.5"]
[Site "Yerevan ARM"]
[Date "2000.06.13"]
[Round "7"]
[White "Sturua, Zurab"]
[Black "Sendur, Adnan"]
[Result "1-0"]
[WhiteElo "2595"]
[BlackElo "2335"]
[EventDate "2000.06.07"]
[PlyCount "71"]

1.Nf3 d5 2.d4 Nf6 3.c4 dxc4 4.e3 e6 5.Bxc4 a6 6.O-O c5 7.Bd3 Nc6 8.Nc3 
cxd4 9.exd4 Nb4 10.Bb1 b6 11.a3 Nbd5 12.Ne5 Nxc3 13.bxc3 Bb7 14.c4 b5 15.
d5 exd5 16.cxb5 Bd6 17.Ng4 O-O 18.Bb2 Nxg4 19.Qxg4 g6 20.Ba2 axb5 21.Qd4 
f6 22.Bxd5+ Bxd5 23.Qxd5+ Kh8 24.Rfd1 Be5 25.Bxe5 fxe5 26.Qxb5 Qf6 27.Qe2 
Ra4 28.h3 Rf7 29.Qe3 Kg7 30.Rd5 e4 31.Rad1 Qf4 32.Qc5 e3 33.fxe3 Qf2+ 34.
Kh1 Rg4 35.R5d2 Qh4 36.Rd7 1-0

[Event "zonal 1.5"]
[Site "Yerevan ARM"]
[Date "2000.06.13"]
[Round "7"]
[White "Izoria, Zviad"]
[Black "Ivanisevic, Ivan"]
[Result "1/2-1/2"]
[WhiteElo "2372"]
[BlackElo "2460"]
[EventDate "2000.06.07"]
[PlyCount "227"]

1.c4 g6 2.g3 Bg7 3.Bg2 Nf6 4.Nc3 O-O 5.d3 c5 6.Nf3 Nc6 7.O-O Rb8 8.d4 cxd4
9.Nxd4 Qa5 10.Bf4 e5 11.Nb3 Qb4 12.Bg5 Qxc4 13.Rc1 Qg4 14.Bxf6 Bxf6 15.Nd5
Bd8 16.Nc5 b6 17.Ne4 Qe6 18.e3 Bb7 19.Nec3 Kg7 20.Qd2 f5 21.Rfd1 Rf7 22.
Nb5 g5 23.Nb4 Be7 24.Qxd7 Qxd7 25.Rxd7 Nxb4 26.Bxb7 Bc5 27.Rxf7+ Kxf7 28.
Bf3 Nd3 29.Rd1 e4 30.Be2 Nxb2 31.Rd7+ Kg6 32.Nxa7 Na4 33.Nb5 f4 34.exf4 
gxf4 35.Bd1 e3 36.Kf1 Nb2 37.Bc2+ Kf6 38.fxe3 fxe3 39.Rxh7 Rf8 40.Ke1 Ke6 
41.Rh6+ Kd7 42.a3 Rf2 43.Bh7 Nc4 44.Rh4 Nd2 45.Be4 Be7 46.Rg4 Rxh2 47.Bd5 
Bf6 48.Ra4 Be5 49.Ra7+ Kd8 50.Ra8+ Ke7 51.Ra7+ Kf6 52.Rf7+ Kg5 53.Re7 
Bxg3+ 54.Kd1 Nf1 55.Bc4 Rd2+ 56.Kc1 Bf4 57.Kb1 Ng3 58.Nc3 Kf6 59.Re6+ Kf5 
60.Rxb6 Be5 61.Rb3 e2 62.Nxe2 Nxe2 63.Bxe2 Rxe2 64.a4 Ke4 65.Kc1 Ra2 66.
Rh3 Bd4 67.Rb3 Rxa4 68.Kb1 Ra1+ 69.Kc2 Ra2+ 70.Kc1 Rg2 71.Kd1 Be3 72.Rb4+ 
Kd3 73.Rb3+ Kd4 74.Ke1 Ke4 75.Kd1 Kf3 76.Rc3 Rb2 77.Rd3 Ke4 78.Rc3 Rd2+ 
79.Kc1 Rg2+ 80.Kd1 Kd4 81.Rc2 Rg1+ 82.Ke2 Ke4 83.Rc4+ Bd4 84.Rc2 Rg8 85.
Kd1 Ra8 86.Ke2 Ra1 87.Rd2 Ra3 88.Rc2 Bc3 89.Kd1 Ra1+ 90.Rc1 Ra3 91.Rc2 Ke3
92.Re2+ Kd4 93.Rc2 Ra1+ 94.Rc1 Ra7 95.Rc2 Rh7 96.Ke2 Kc4 97.Ke3 Re7+ 98.
Kf3 Kd3 99.Rg2 Rf7+ 100.Kg4 Bd2 101.Kh3 Be3 102.Kg3 Ke4 103.Kg4 Rh7 104.
Kg3 Kf5 105.Kf3 Bf4 106.Re2 Rh3+ 107.Kg2 Kg4 108.Kf1 Be3 109.Rg2+ Kf3 110.
Rf2+ Ke4 111.Rg2 Kd3 112.Rg4 Rh2 113.Rg3 Ke4 114.Rg2 1/2-1/2

[Event "zonal 1.5"]
[Site "Yerevan ARM"]
[Date "2000.06.13"]
[Round "7"]
[White "Erdogan, Hakan"]
[Black "Antic, Dejan"]
[Result "0-1"]
[WhiteElo "2316"]
[BlackElo "2491"]
[EventDate "2000.06.07"]
[PlyCount "98"]

1.d4 Nf6 2.c4 g6 3.Nc3 Bg7 4.e4 d6 5.Nf3 O-O 6.Be2 e5 7.dxe5 dxe5 8.Qxd8 
Rxd8 9.Bg5 c6 10.Nxe5 Re8 11.O-O-O Na6 12.Rd6 Be6 13.f4 Nc5 14.Bxf6 Bxf6 
15.Rhd1 g5 16.g3 gxf4 17.gxf4 Bxe5 18.fxe5 a5 19.R1d4 Kg7 20.Nd1 Kh6 21.h4
Kg7 22.Ne3 h6 23.Bh5 Rg8 24.Ng4 Bxg4 25.Bxg4 Rge8 26.Bf5 Rxe5 27.Rd1 Rh8 
28.b3 Ree8 29.Re1 Kf8 30.e5 Ke7 31.Rf6 Reg8 32.Rf1 Rg7 33.Kb2 h5 34.Rf2 
Rhg8 35.Bc2 Nd7 36.R6f5 Rh8 37.Kc3 Ke6 38.Kd4 Rg4+ 39.R2f4 Rxf4+ 40.Rxf4 
c5+ 41.Ke3 Nxe5 42.Bf5+ Ke7 43.Ke4 f6 44.Bh3 Rd8 45.Bf1 Rd4+ 46.Kf5 Rd2 
47.a4 Kf7 48.Ke4 b6 49.Kf5 Ng6 0-1

[Event "zonal 1.5"]
[Site "Yerevan ARM"]
[Date "2000.06.13"]
[Round "7"]
[White "Seitaj, Ilir"]
[Black "Gurcan, Selim"]
[Result "1-0"]
[WhiteElo "2392"]
[BlackElo "2307"]
[EventDate "2000.06.07"]
[PlyCount "107"]

1.e4 c5 2.c3 d6 3.d4 Nf6 4.f3 Nbd7 5.Bd3 g6 6.Ne2 Bg7 7.O-O O-O 8.Be3 b6 
9.Nd2 Bb7 10.a4 a6 11.Kh1 Rc8 12.d5 e6 13.Nc4 Qe7 14.Bf4 Ne8 15.dxe6 fxe6 
16.Qb3 Rc6 17.Rae1 Ba8 18.Ne3 Nc7 19.Bg3 Kh8 20.f4 b5 21.axb5 axb5 22.Bb1 
Ra6 23.Qd1 Ra1 24.Qd2 Nb6 25.f5 e5 26.Bc2 Rxe1 27.Qxe1 Bc6 28.Bh4 g5 29.
Bf2 Ne8 30.Ng3 Nf6 31.Qe2 Ra8 32.Ng4 Na4 33.Nxf6 Bxf6 34.Bd1 Qf7 35.Nh5 
Rd8 36.Bg3 Nb6 37.h3 Ra8 38.Qd3 Rd8 39.Bf3 Qe7 40.Kh2 Ra8 41.Rd1 Nc8 42.
Bf2 h6 43.Be3 Kh7 44.h4 g4 45.Bxg4 Ra4 46.Bf3 Bxh4 47.f6 Qe6 48.g3 Bg5 49.
Bxg5 hxg5 50.Rf1 Nb6 51.f7 Ra8 52.Bg4 Qe7 53.Rf6 Bd7 54.Qe3 1-0

[Event "zonal 1.5"]
[Site "Yerevan ARM"]
[Date "2000.06.13"]
[Round "7"]
[White "Atakisi, Umut"]
[Black "Karkanaque, Ilir"]
[Result "1/2-1/2"]
[WhiteElo "2274"]
[BlackElo "2389"]
[EventDate "2000.06.07"]
[PlyCount "128"]

1.e4 e5 2.Nf3 Nc6 3.Bb5 a6 4.Ba4 Nf6 5.Qe2 Be7 6.c3 b5 7.Bb3 d6 8.d3 O-O 
9.O-O Na5 10.Bc2 c5 11.Rd1 Qc7 12.Nbd2 Re8 13.Nf1 g6 14.d4 Bf8 15.dxe5 
dxe5 16.a4 b4 17.cxb4 cxb4 18.Bg5 Nd7 19.Ne3 Nb6 20.Rac1 Qb8 21.Nd5 Nxd5 
22.Rxd5 Nc6 23.Bb3 Nd4 24.Nxd4 exd4 25.Rxd4 Bg7 26.Qf3 Ra7 27.Bf6 Rc7 28.
Rcd1 Bg4 29.Qxg4 Bxf6 30.Rd7 Rxd7 31.Rxd7 Re7 32.Rxe7 Bxe7 33.Qf3 Qe8 34.
e5 Bd8 35.Qd5 a5 36.g3 Bc7 37.f4 Qe7 38.Kg2 Kg7 39.h4 h6 40.Kf3 h5 41.Bc4 
Kf8 42.Ke4 Kg7 43.Kf3 Bd8 44.Ke4 Bc7 45.Ke3 Bb6+ 46.Kf3 Bd8 47.Bb3 Kf8 48.
Ke4 Bc7 49.Qd4 Qd8 50.Qc5+ Kg7 51.Bd5 Qd7 52.Ke3 Bb6 53.Qxb6 Qxd5 54.Qf6+ 
Kg8 55.f5 Qc5+ 56.Kd3 Qd5+ 57.Ke3 Qc5+ 58.Kd3 Qd5+ 59.Ke3 Qc5+ 60.Kf3 Qd5+
61.Kf2 Qd2+ 62.Kf3 Qd3+ 63.Kf4 Qd4+ 64.Kf3 Qd3+ 1/2-1/2

[Event "zonal 1.5"]
[Site "Yerevan ARM"]
[Date "2000.06.14"]
[Round "8"]
[White "Sturua, Zurab"]
[Black "Aronian, Levon"]
[Result "1-0"]
[WhiteElo "2595"]
[BlackElo "2587"]
[EventDate "2000.06.07"]
[PlyCount "82"]

1.d4 Nf6 2.c4 g6 3.g3 Bg7 4.Bg2 d5 5.cxd5 Nxd5 6.Nf3 O-O 7.O-O Nc6 8.Nc3 
Nb6 9.e3 Re8 10.d5 Na5 11.Nd4 Bd7 12.b4 Nac4 13.a4 a5 14.b5 Qc8 15.Re1 e6 
16.Ra2 exd5 17.Nxd5 Bg4 18.Nxb6 Nxb6 19.Qd3 Be6 20.Nxe6 Qxe6 21.Rc2 Rad8 
22.Qa3 Rd7 23.Bxb7 Red8 24.Kg2 h5 25.Qa2 Qxa2 26.Rxa2 Rd1 27.Rxd1 Rxd1 28.
Rc2 Nxa4 29.Bd2 Rb1 30.Bc6 Bf8 31.Bxa5 Nb6 32.Be8 Bd6 33.Bxb6 cxb6 34.Rc6 
Bc5 35.Rc7 Rb2 36.Bxf7+ Kg7 37.Kf3 Rd2 38.Be8+ Kh6 39.Rc6 Rd6 40.Ke4 Kg7 
41.f4 Kf6 1-0

[Event "zonal 1.5"]
[Site "Yerevan ARM"]
[Date "2000.06.14"]
[Round "8"]
[White "Banikas, Hristos"]
[Black "Minasian, Artashes"]
[Result "1/2-1/2"]
[WhiteElo "2535"]
[BlackElo "2598"]
[EventDate "2000.06.07"]
[PlyCount "94"]

1.d4 g6 2.c4 Bg7 3.e4 c5 4.d5 d6 5.f4 e6 6.Nf3 Nf6 7.Nc3 O-O 8.Be2 exd5 9.
cxd5 Bg4 10.O-O Nbd7 11.Re1 Re8 12.h3 Bxf3 13.Bxf3 Qa5 14.Be3 b5 15.a3 b4 
16.axb4 Qxb4 17.Re2 Nb6 18.Bf2 Nfd7 19.Ra3 Nc4 20.Rb3 Qa5 21.Qd3 Nxb2 22.
Rexb2 c4 23.Qxc4 Rec8 24.Ra2 Rxc4 25.Rxa5 Bxc3 26.Rxa7 Rxa7 27.Bxa7 Nc5 
28.Rb8+ Kg7 29.Rc8 Bd4+ 30.Kh2 Be3 31.g3 Rc2+ 32.Bg2 g5 33.fxg5 Bd4 34.h4 
Rc3 35.Bxc5 Bxc5 36.Kh3 Bd4 37.Rc6 Be5 38.Rxc3 Bxc3 39.Bf1 Be5 40.Bb5 f6 
41.gxf6+ Kxf6 42.Bd7 h6 43.Bf5 Kg7 44.Kg4 Kf6 45.Kf3 Kg7 46.g4 Bf6 47.g5 
hxg5 1/2-1/2

[Event "zonal 1.5"]
[Site "Yerevan ARM"]
[Date "2000.06.14"]
[Round "8"]
[White "Kacheishvili, Giorgi"]
[Black "Yegiazarian, Arsen"]
[Result "1/2-1/2"]
[WhiteElo "2564"]
[BlackElo "2513"]
[EventDate "2000.06.07"]
[PlyCount "82"]

1.d4 Nf6 2.c4 g6 3.g3 c6 4.Nf3 d5 5.cxd5 cxd5 6.Nc3 Bg7 7.Bg2 Nc6 8.Ne5 
O-O 9.O-O e6 10.f4 Nd7 11.Be3 Nb6 12.Bf2 Ne7 13.a4 a5 14.Qb3 Rb8 15.Rac1 
Bd7 16.Nxd7 Nxd7 17.e4 dxe4 18.Bxe4 Nf6 19.Bf3 Re8 20.Rfd1 b6 21.d5 Nfxd5 
22.Nxd5 Nxd5 23.Bxd5 exd5 24.Rxd5 Qf6 25.Rd7 Re7 26.Rxe7 Qxe7 27.Qb5 h5 
28.h4 Qe4 29.Re1 Qf3 30.b3 Bf8 31.Re3 Qd1+ 32.Kg2 Bc5 33.Re8+ Rxe8 34.
Qxe8+ Kg7 35.Qe5+ Kh7 36.Bxc5 bxc5 37.Qxc5 Qxb3 38.Qxa5 Qc2+ 39.Kh3 Qc6 
40.Kh2 Qc2+ 41.Kg1 Qd1+ 1/2-1/2

[Event "zonal 1.5"]
[Site "Yerevan ARM"]
[Date "2000.06.14"]
[Round "8"]
[White "Ivanisevic, Ivan"]
[Black "Anastasian, Ashot"]
[Result "0-1"]
[WhiteElo "2460"]
[BlackElo "2606"]
[EventDate "2000.06.07"]
[PlyCount "104"]

1.d4 Nf6 2.c4 e6 3.Nc3 Bb4 4.Qc2 c5 5.dxc5 Qc7 6.a3 Bxc5 7.Nf3 a6 8.Bg5 
Be7 9.e4 d6 10.Be2 Nbd7 11.O-O b6 12.Rfe1 Bb7 13.Bh4 O-O 14.Rac1 Rac8 15.
Nd2 Rfe8 16.Bg3 Qb8 17.b4 Qa8 18.Qd1 Red8 19.Bf1 Ne8 20.Qe2 Bf6 21.Qe3 Bc6
22.Nb3 h6 23.h3 a5 24.Nd4 Bg5 25.f4 Bf6 26.Ndb5 Qb7 27.Be2 axb4 28.axb4 
Ra8 29.Rcd1 Bxc3 30.Nxc3 Ra3 31.Ra1 Rxa1 32.Rxa1 Ra8 33.Rd1 Qc7 34.Qd4 Ra3
35.e5 Qb7 36.Bf1 Qa8 37.exd6 Nef6 38.Bh4 Nh5 39.Be1 Nhf6 40.Rb1 Qb8 41.Bh4
Ne8 42.Be7 g6 43.Qd2 Ng7 44.Bd3 Nf5 45.Bxf5 gxf5 46.Qb2 Qa8 47.Kh2 Kh7 48.
Rg1 Ra7 49.g4 Qh8 50.gxf5 Qd4 51.Rg4 Ra1 52.fxe6 Rh1+ 0-1

[Event "zonal 1.5"]
[Site "Yerevan ARM"]
[Date "2000.06.14"]
[Round "8"]
[White "Dervishi, Erald"]
[Black "Asrian, Karen"]
[Result "1/2-1/2"]
[WhiteElo "2478"]
[BlackElo "2572"]
[EventDate "2000.06.07"]
[PlyCount "83"]

1.e4 c6 2.d4 d5 3.Nd2 dxe4 4.Nxe4 Bf5 5.Ng3 Bg6 6.h4 h6 7.Nf3 Nd7 8.h5 Bh7
9.Bd3 Bxd3 10.Qxd3 e6 11.Bf4 Bb4+ 12.c3 Be7 13.Ne4 Ngf6 14.Nd6+ Bxd6 15.
Bxd6 Qa5 16.Kf1 c5 17.Ne5 cxd4 18.Nc4 Qd5 19.Ba3 Nc5 20.Qxd4 Qxd4 21.cxd4 
Nce4 22.Rc1 b5 23.Ne5 a5 24.Bc5 Nd7 25.Nd3 Ndxc5 26.dxc5 O-O-O 27.Rh3 Rd5 
28.Ke2 Rhd8 29.Rc2 Kc7 30.Re3 f5 31.a3 Rd4 32.Nf4 Rd2+ 33.Rxd2 Rxd2+ 34.
Ke1 Rxb2 35.Nxe6+ Kc6 36.Nxg7 Rb1+ 37.Ke2 Rb2+ 38.Ke1 Rb1+ 39.Ke2 Rb2+ 40.
Ke1 Rb1+ 41.Ke2 Rb2+ 42.Ke1 1/2-1/2

[Event "zonal 1.5"]
[Site "Yerevan ARM"]
[Date "2000.06.14"]
[Round "8"]
[White "Gelashvili, Tamaz"]
[Black "Halkias, Stelios"]
[Result "1-0"]
[WhiteElo "2514"]
[BlackElo "2482"]
[EventDate "2000.06.07"]
[PlyCount "139"]

1.d4 Nf6 2.Nc3 d5 3.Bg5 Nbd7 4.Qd3 h6 5.Bh4 c6 6.O-O-O b5 7.Nf3 Qa5 8.Nd2 
e6 9.e3 Be7 10.f3 Qb6 11.Bf2 a5 12.e4 Ba6 13.Qe3 a4 14.e5 Nh7 15.f4 c5 16.
Nf3 c4 17.a3 b4 18.axb4 Qxb4 19.Be2 a3 20.bxa3 Qa5 21.Kd2 Nb6 22.Ra1 O-O 
23.Rhb1 Na4 24.Be1 Rfb8 25.Rxb8+ Rxb8 26.Bd1 Nb2 27.Ke2 Bb4 28.Ra2 Be7 29.
Bd2 Nf8 30.Ke1 Nxd1 31.Kxd1 Ng6 32.Ke1 Bf8 33.Kf2 Ne7 34.g4 Nc6 35.f5 Qd8 
36.fxe6 fxe6 37.Ne2 Rb1 38.Bc3 Qe8 39.Nf4 Rb7 40.h4 Qf7 41.Ra1 Be7 42.Kg3 
Rb8 43.h5 Ra8 44.a4 Bc8 45.Ng6 Bd7 46.a5 Qe8 47.Nfh4 Bg5 48.Qe2 Nd8 49.Bd2
Nf7 50.Bxg5 Nxg5 51.Rf1 Rxa5 52.Rf8+ Qxf8 53.Nxf8 Ra3+ 54.Kg2 Kxf8 55.Qe1 
Kg8 56.Qb4 Ra8 57.Qb7 Rd8 58.Qc7 Nf7 59.Nf3 Ba4 60.g5 hxg5 61.Nxg5 Rf8 62.
Nxf7 Rxf7 63.Qc8+ Kh7 64.Qxe6 Rd7 65.Qg6+ Kg8 66.Qe8+ Kh7 67.e6 Ra7 68.Qb8
Ra6 69.Qe5 Kg8 70.c3 1-0

[Event "zonal 1.5"]
[Site "Yerevan ARM"]
[Date "2000.06.14"]
[Round "8"]
[White "Jobava, Baadur"]
[Black "Kotronias, Vasilios"]
[Result "1/2-1/2"]
[WhiteElo "2430"]
[BlackElo "2539"]
[EventDate "2000.06.07"]
[PlyCount "141"]

1.c4 Nf6 2.Nc3 g6 3.g3 Bg7 4.Bg2 O-O 5.Nf3 d6 6.O-O e5 7.Rb1 a5 8.d3 h6 9.
a3 Re8 10.b4 axb4 11.axb4 e4 12.Nd4 exd3 13.exd3 c6 14.h3 d5 15.Be3 Nbd7 
16.Qc1 Kh7 17.Rd1 Nf8 18.Qd2 Ne6 19.Nce2 Nxd4 20.Nxd4 Bd7 21.Kh2 Re5 22.
Bf3 Qc8 23.Bf4 Re8 24.Bg2 Ng4+ 25.hxg4 Bxd4 26.cxd5 Bxg4 27.dxc6 bxc6 28.
Re1 Qd7 29.Bxh6 Be6 30.Be3 Ra2 31.Qc1 Rxf2 32.Bxf2 Bxf2 33.Re2 Ba7 34.Re4 
Qxd3 35.Rh4+ Kg7 36.Qh6+ Kf6 37.Rf1+ Ke7 38.Qg5+ Kd7 39.Rh7 Re7 40.Rc1 Be3
41.Qa5 Bd5 42.Bxd5 Qxd5 43.Rf1 Bc5 44.Qa6 Bd6 45.Qa7+ Bc7 46.Qf2 Kc8 47.
Qf3 Qc4 48.Kh3 Qe6+ 49.Kg2 Bb6 50.b5 Qe2+ 51.Qxe2 Rxe2+ 52.Kh3 cxb5 53.
Rhxf7 Rc2 54.Rg7 Bc7 55.Rxg6 Kb7 56.Rb1 Rc5 57.g4 Ba5 58.g5 Bc3 59.Kg4 b4 
60.Rf6 Rc4+ 61.Kf5 Rc5+ 62.Kg6 Bd2 63.Rf5 Kc6 64.Kf6 Bc3+ 65.Ke6 Rxf5 66.
Kxf5 Kd5 67.g6 Kc4 68.Rc1 Kd3 69.Rb1 Kc4 70.Rc1 Kd3 71.Rb1 1/2-1/2